Flags of Countries That Border Tanzania - Statistics

General Stats
  • This quiz has been taken 51 times
  • The average score is 8 of 8
Answer Stats
Flag Country % Correct
D.R.Congo
100%
Kenya
100%
Uganda
100%
Zambia
100%
Burundi
98%
Malawi
98%
Mozambique
98%
Rwanda
93%
No matching quizzes found
Score Distribution
Percent of People with Each Score
Percentile by Number Answered
Your Score History
You have not taken this quiz